00657nam a2200229 a 4500001001300000003000900013005001700022008004100039020001000080082001500090100001800105245002600123260003800149300000700187500003500194650003200229700001800261902000800279942000700287952011600294999001700410nice12345678IN_TiNIC20260116013502.0070413s1958 lona grp 000 0 eng  ac10000a227.4bNEI aNeil, Stephen aPaul to the Galatians aLondon bLutterworth Press c1958 a74 aincludes index and biblioraphy aBible N.T. Epistles of Paul1 aNeil, Stephen bSRS cBK 001040708StackRoom-aHMIbHMId2007-08-29g100.00l0o227.4 NEIp016186r2007-08-29v100.00w2007-04-13yBK c11165d11165